Welcome to the Holygrace Academy Library

Please use search bar below to get started

BUSINESS STUDIES (Record no. 551)

MARC details
000 -LEADER
fixed length control field 00307nam a22001217a 4500
082 ## - DEWEY DECIMAL CLASSIFICATION NUMBER
Classification number 174.4
Item number GAA/B
100 ## - MAIN ENTRY--AUTHOR NAME
Personal name POONAM GANDHI
245 ## - TITLE STATEMENT
Title BUSINESS STUDIES
Remainder of title A TEXTBOOK FOR CLASS XI
260 ## - PUBLICATION, DISTRIBUTION, ETC. (IMPRINT)
Place of publication DELHI
Name of publisher DHANPAT RAI & CO
Year of publication 2008
300 ## - PHYSICAL DESCRIPTION
Number of Pages 342
650 ## - SUBJECT ADDED ENTRY--TOPICAL TERM
Topical Term BUSINESS STUDIES FOR CLASS XI
Geographic subdivision INDIA
942 ## - ADDED ENTRY ELEMENTS (KOHA)
Koha item type Books
Holdings
Withdrawn status Lost status Collection code Home library Current library Shelving location Date acquired Source of acquisition Cost, normal purchase price Full call number Accession Number Koha item type
    Reference Main Library Main Library   04/09/2026 purchase 140.00 174.4 GAA/B 04621 Books